Calendario Paolino 1957 (Record n. 23729)

Dettagli MARC
000 -LEADER
fixed length control field 00472nam a2200205Ia 4500
003 - CONTROL NUMBER IDENTIFIER
control field IT-RoPAU
005 - DATE AND TIME OF LATEST TRANSACTION
control field 20220918175645.0
008 - FIXED-LENGTH DATA ELEMENTS--GENERAL INFORMATION
fixed length control field 120407s9999 xx 000 0 und d
040 ## - CATALOGING SOURCE
Original cataloging agency IT-RoPAU
040 ## - CATALOGING SOURCE
Transcribing agency IT-RoPAU
041 ## - LANGUAGE CODE
Language code of text/sound track or separate title ita
100 ## - MAIN ENTRY--PERSONAL NAME
Personal name Società San Paolo
9 (RLIN) 247
245 ## - TITLE STATEMENT
Title Calendario Paolino 1957
250 ## - EDITION STATEMENT
Edition statement 1° ed.
260 ## - PUBLICATION, DISTRIBUTION, ETC. (IMPRINT)
Date of publication, distribution, etc. 1957
Place of publication, distribution, etc. Roma
Name of publisher, distributor, etc. PSSP
300 ## - PHYSICAL DESCRIPTION
Dimensions 17,5 cm
Extent 258 p.
490 ## - SERIES STATEMENT
Series statement Edizioni Paoline
942 ## - ADDED ENTRY ELEMENTS (KOHA)
Koha item type LIBRO
Source of classification or shelving scheme Dewey Decimal Classification
Dati di copia
Withdrawn status Lost status Source of classification or shelving scheme Damaged status Not for loan Home library Current library Date acquired Total Checkouts Full call number Date last seen Price effective from Koha item type
    Dewey Decimal Classification Buone Condizioni Not For Loan PAULUS-BIBLIOTECA PAULUS-BIBLIOTECA 25/01/2013   P C1 25/01/2013 25/01/2013 LIBRO
CREDITS: SOCIETA' SAN PAOLO Via A.Severo, 58 - ROMA (RM) & PERIODICI SAN PAOLO SRL Via Giotto, 36 MILANO & CISF Via Giotto, 36 MILANO & EDIZIONI SAN PAOLO SRL,  Piazza Soncino, 5 CINISELLO BALSAMO (MI) -- ITALY